Loading...

Christian And Oriental Philosophy of Art

Bibliographic Details
Main Author: Ananda K Coomaraswamy
Format: Printed Book
Published: New Delhi; Munshiram Manoharlal Publishers; 1972
Subjects:
LEADER 00487nam a22001337a 4500
082 |b ANA/C  |a 700 
100 |a Ananda K Coomaraswamy  |9 318156 
245 |a Christian And Oriental Philosophy of Art 
260 |a New Delhi;  |b Munshiram Manoharlal Publishers;  |c 1972 
300 |a 145  |b 007022 
650 |a English; Art  |9 318157 
942 |c BK 
999 |c 76262  |d 76262 
952 |0 0  |1 0  |4 0  |6 700_000000000000000_ANA_C  |7 0  |8 Art  |9 89553  |a MAL  |b MAL  |d 2017-04-01  |e 17014  |l 0  |o 700 ANA/C  |p MAL017014  |r 2017-04-01  |t 1  |w 2017-04-01  |y BK